| 000 | 00361nam a2200145Ia 4500 | ||
|---|---|---|---|
| 008 | 191201s2005 xx 000 0 und d | ||
| 082 |
_a512.943 _bSHT |
||
| 100 | _aShanti Narayan and MITTAL P K | ||
| 245 | 2 | _aA Textbook of Matrices | |
| 250 | _a11th | ||
| 260 |
_aN.Delhi _bS Chand and Co. Ltd. _c2005 |
||
| 300 | _a309 | ||
| 650 | _aApplied | ||
| 942 |
_2ddc _cBK |
||
| 999 |
_c1227 _d1227 |
||